[Event "Poco a Poco 3"]
[Site "?"]
[Date "2024.11.04"]
[Round "6"]
[White "Pagnanini, Andrea"]
[Black "Battistelli, Gianluca"]
[Result "0-1"]
[WhiteElo "1644"]
[BlackElo "1870"]
[PlyCount "61"]
[EventDate "2024.??.??"]
[SourceVersionDate "2024.11.15"]

1. e4 e5 2. Nc3 Nf6 3. f4 d5 4. fxe5 Nxe4 5. Qf3 Nxc3 6. dxc3 Be7 7. Bd3 Nc6 8. Bf4 Be6 9. Ne2 Qd7 10. O-O-O O-O-O 11. h3 a6 12. Ng3 g5 13. Be3 Nxe5 14. Qh5 Nxd3+ 15. Rxd3 Bf5 16. Nxf5 Qxf5 17. Bd4 Rhe8 18. Rf3 Qg6 19. Qg4+ Kb8 20. Rhf1 h5 21. Qf5 Bd6 22. Qxf7 Qe4 23. Be3 g4 24. hxg4 hxg4 25. Bg5 gxf3 26. gxf3 Qe2 27. Rd1 Rf8 28. Qh7 Bf4+ 29. Bxf4 Rxf4 30. Qh6 Rxf3 31. Qg5 0-1